Statistics for Top 10 Chemical-Producing Countries of the World

Click here to take the quiz!

General Stats

  • This quiz has been taken 38 times
  • The average score is 8 of 10

Answer Stats

TopAnswer% Correct
#4China
100%
#1USA
100%
#3Russia
94%
#2Germany
91%
#5Japan
91%
#8France
88%
#9India
88%
#7Italy
82%
#10Brazil
74%
#6United Kingdom
24%

Score Distribution

Percentile by Number Answered

Percent of People with Each Score

Your Score History

You have not taken this quiz